000 01024nam a22003137a 4500
003 CHAP
005 20220329135151.0
008 971013s1981 r 10010 d
010 _a32023
011 _a32995
035 _a37110
040 _cCHAP
082 _a633.2
_bN48
111 0 0 _aNew Zealand Grassland Association Conference (
_n22
_d: 1980
_c: Greymouth)
_981040
245 _aProceedings
260 _aPalmerston North :
_bThe Association,
_c1981-
300 _av.
_b: ilus.
500 _aLa biblioteca tiene : v.42, 1980
590 _aBATCH-UPD
_b10
_c20130110
_lUCH01
_h0219
590 _aBATCH-UPD
_b10
_c20130110
_lUCH01
_h2129
590 _aBATCH-UPD
_b10
_c20130410
_lUCH01
_h1439
590 _aBATCH-UPD
_b10
_c20130914
_lUCH01
_h1457
590 _aCONVERSION
_b10
_c20130109
_lUCH01
_h1318
650 1 4 _aGanaderĂ­a
_xNueva Zelanda.
_944832
650 1 4 _aPastizales
_xNueva Zelanda.
_985952
901 _aBK
942 _cLIBRO
949 _a633.2 N48
_bBC
_cLIBRO
_d33724000214045
_eLIBRO
_fv.42 1980
_h66058
_i37110
_si
999 _c32023
_d32023